000 00618nam a2200217 4500
003 OSt
005 20240731045311.0
006 a
008 240731b |||||||| |||| 00| 0 eng d
020 _a9971513307
040 _aDWCL-Main lib.
_cOC
082 _2Sixth edition
_aCirc. 530 H188f 2001
100 _aResnick, Robert
245 _aFundamentals of physics /
250 _aSixth edition
260 _aN. Y. :
_bJohn Wiley & Sons, Inc.,
_cc2001.
300 _axxiv,
_b (various paging) : ill ;
_c25 cm.
504 _aInclude index.
650 _a1. Physics.
942 _2ddc
_n0
_cBK-CIRC
_eSixth edition
_kCirc.
999 _c3020
_d3020